LEADER 02366nam0 2200493 i 450 001 RMS0085692 005 20251003044344.0 010 $a8814081042 020 $aIT$b2001-1384 100 $a20000529d2000 ||||0itac50 ba 101 | $aita$aeng$afre 102 $ait 181 1$6z01$ai $bxxxe 182 1$6z01$an 183 1$6z01$anc$2RDAcarrier 200 1 $aˆLa ‰Convenzione europea dei diritti dell'uomo$fa cura di Paolo Pittaro 210 $aMilano$cA. Giuffrè$d2000 215 $aXII, 310 p.$d23 cm. 225 | $aGiustizia penale e problemi internazionali$i. Testi$v6 410 0$1001CFI0083015$12001 $aGiustizia penale e problemi internazionali$i. Testi$v6 606 $aConvenzione europea dei diritti dell'uomo <1950>$2FIR$3SBLC028199$9E 676 $a323.4$9$v21 676 $a341.481$9DIRITTI FONDAMENTALI DELL'UOMO$v19 676 $a341.481$9DIRITTI FONDAMENTALI DELL'UOMO$v20 676 $a341.481$9$v23 702 1$aPittaro$b, Paolo$3CFIV016006 710 02$aConsiglio d'Europa$3CFIV005039$4070$024561 791 02$aConsejo de Europa$3RMRV019421$zConsiglio d'Europa 791 02$aConselho da Europa$3RMRV164228$zConsiglio d'Europa 791 02$aEuroparat$3SBNV120727$zConsiglio d'Europa 791 02$aConseil de l'Europe$3UFIV121083$zConsiglio d'Europa 791 02$aCouncil of Europe$3UFIV121084$zConsiglio d'Europa 791 02$aConsejo de Europa$3RMRV019421$zConsiglio d'Europa 791 02$aConseil de l'Europe$3UFIV121083$zConsiglio d'Europa 791 02$aCouncil of Europe$3UFIV121084$zConsiglio d'Europa 801 3$aIT$bIT-000000$c20000529 850 $aIT-BN0095 901 $bNAP 01$cD $n$ 901 $bNAP 01$cPOZZO LIB.$nVi sono collocati fondi di economia, periodici di ingegneria e scienze, periodici di economia e statistica e altri fondi comprendenti documenti di economia pervenuti in dono. 912 $aRMS0085692 950 0$aBiblioteca Centralizzata di Ateneo$d 01D (AR) 27 719$e 01AR 0700277195 VMA A4 1 v.$fY $h20250313$i20250313$c1 v.$d 01POZZO LIB.ECON MON 9216$e 0101 0000087905E VMA 1 v. (precedente collocazione: GUERRAZZI B 327)$fB $h20071016$i20071016 977 $a 01 996 $aConvenzione europea dei diritti dell'uomo$967204 997 $aUNISANNIO